| 000 | 00453nam a2200181Ia 4500 | ||
|---|---|---|---|
| 003 | GCL | ||
| 008 | 140319s9999 xx 000 0 eng d | ||
| 040 |
_aGCL / _cGCL |
||
| 082 | 0 | 4 |
_a891.7 _bT A |
| 100 | 1 | _aTOLSTOI, LEO | |
| 245 | 1 | 0 |
_aANNA KARENINE / _cTOLSTOI, LEO |
| 260 |
_a[S.N] : _bLE LIVRE DE POCHE ، _c1972 |
||
| 300 | _a559 P | ||
| 490 |
_aLE LIVRE DE POCHE _v0 |
||
| 650 | 0 | 4 | _aLITERATURE |
| 650 | 0 | 4 | _aFRENCH LITERATURE |
| 942 |
_2ddc _cBK |
||
| 999 |
_c22239 _d22239 |
||